000 00270nam a22001217a 4500
008 181217b xxu||||| |||| 00| 0 eng d
041 _aeng
080 _a510
100 _a39
101 _aMAT
245 _aIonic Reactions And Equilibbria
_cOmer,R
942 _2udc
_cBK
999 _c53148
_d53148